Un Llibre estel de Joaquim Cases-Carbó : El Problema peninsular / Francesc Pujols El Problema peninsular / Francesc Pujols
Descripción Física:
137 p. ; 20 cm
Otros Autores:
Cases-Carbó, Joaquim, 1858-1943
MARC
| LEADER | 00000nam a2200000Ia 4500 | ||
|---|---|---|---|
| 001 | 13962 | ||
| 008 | 160829s1935 xx 000 0 cat d | ||
| 080 | |a M-4-77 | ||
| 100 | |a Pujols, Francesc |9 26663 | ||
| 245 | |a Un Llibre estel de Joaquim Cases-Carbó : |b El Problema peninsular / Francesc Pujols | ||
| 260 | |a Barcelona : |b Catalònia, |c 1935 | ||
| 300 | |a 137 p. ; |c 20 cm | ||
| 600 | 1 | 0 | |a Cases-Carbó, Joaquim, |d 1858-1943 |x Crítica i interpretació |9 55617 |
| 650 | 0 | |a Nacionalisme |z Catalunya |9 11008 | |
| 700 | 1 | |a Cases-Carbó, Joaquim, |d 1858-1943 |9 24314 | |
| 901 | |a Arxiu | ||
| 942 | |n 1 | ||
| 952 | |0 0 |1 0 |4 0 |6 M477 |7 1 |9 44097 |a Arxiu |b Arxiu |d 2016-12-01 |l 0 |o M-4-77 |p 13962 |r 2016-12-01 00:00:00 |w 2016-12-01 |y ARXIU | ||
| 999 | |c 46677 |d 46677 | ||